| 000 | 00869nam a22001817a 4500 | ||
|---|---|---|---|
| 008 | 060603s2005 ua a g 00010 ara d | ||
| 082 |
_222 _a323. 4 _bد ل ى |
||
| 245 |
_aالدليل العربي حول حقوق الإنسان والتنمية / _cمحمد نور فرحات ... [وآخ.] ؛ تحرير محسن عوض. |
||
| 250 | _aط. 1. | ||
| 260 |
_aالقاهرة : _bالمنظمة العربية لحقوق الإنسان، _c2005. |
||
| 300 |
_a556، 35 ص. : _bجداول ؛ _c30 سم. |
||
| 651 |
_aالبلاد العربية _xسياسة اجتماعية. _933261 |
||
| 650 |
_933259 _aحقوق الإنسان _zالبلاد العربية |
||
| 650 |
_933260 _aالحقوق المدنية _zالبلاد العربية |
||
| 700 |
_aفرحات، محمد نور، _eمؤلف مشارك. _933262 |
||
| 700 |
_aعوض، محسن، _eمحرر. _933263 |
||
| 942 |
_2ddc _cBB |
||
| 999 |
_c17481 _d17453 |
||